Schnelle Mathematik - Multiplikation zur Basis 3 Level 05 - Statistiken

Allgemein
  • Dieses Quiz wurde 48 mal gespielt
  • Das Durchschnittsergebnis liegt bei 11 aus 20
Antwortstatistiken
Frage Antwort % Korrekt
21⋅0 0
100%
10⋅21 210
100%
2⋅11 22
100%
11⋅2 22
100%
0⋅20 0
88%
2⋅0 0
88%
12⋅10 120
88%
20⋅1 20
88%
0⋅0 0
86%
12⋅1 12
86%
0⋅11 0
83%
10⋅0 0
83%
10⋅2 20
83%
20⋅10 200
80%
0⋅2 0
78%
1⋅10 10
78%
0⋅1 0
75%
11⋅0 0
75%
12⋅0 0
75%
1⋅1 1
75%
11⋅11 121
75%
10⋅20 200
75%
21⋅10 210
75%
11⋅20 220
75%
1⋅0 0
67%
10⋅10 100
67%
1⋅21 21
67%
20⋅11 220
67%
20⋅0 0
60%
11⋅1 11
60%
11⋅10 110
60%
2⋅10 20
60%
0⋅12 0
57%
1⋅2 2
57%
21⋅1 21
57%
0⋅10 0
56%
1⋅11 11
56%
1⋅12 12
50%
10⋅12 120
50%
1⋅20 20
50%
0⋅21 0
43%
12⋅2 101
43%
2⋅1 2
43%
10⋅1 10
40%
2⋅2 11
40%
21⋅11 1001
25%
12⋅11 202
25%
12⋅12 221
20%
2⋅12 101
17%
20⋅2 110
17%
2⋅21 112
17%
11⋅12 202
17%
12⋅20 1010
14%
20⋅12 1010
14%
20⋅20 1100
14%
20⋅21 1120
14%
21⋅20 1120
14%
12⋅21 1022
13%
2⋅20 110
13%
11⋅21 1001
0%
21⋅12 1022
0%
10⋅11 110
0%
21⋅2 112
0%
21⋅21 1211
0%
Keine übereinstimmenden Quizze gefunden
Verteilung der Resultate
Anzahl Personen mit jedem Resultat
Perzentil nach korrekt beantworteten Fragen
Ihre Resultats-Entwicklung
Sie haben dieses Quiz noch nicht gespielt